000
00330nam a2200145Ia 4500
008
191201s2000 xx 000 0 und d
082
_a
331.1
_b
VEI
100
_a
VENKATARATNAM,C.S
245
0
_a
Industrial Relations
250
_a
IMP 14
260
_a
N. Delhi
_b
Oxford
_c
2000
300
_a
747
650
_a
MBA
942
_2
ddc
_c
BK
999
_c
4682
_d
4682